Дело по прошению бывшего инспектора Евпаторийской прогимназии статского советника Юрковского о сложении с него начета 643 рублей...

Доступно только в Электронных читальных залах Найти на картеНа карте
RUSMARC
00003781nmc2a22000003x 450
00181fcbce2-f134-4794-9e77-42cd3f9d0ad4
00520200206105242.0
100##$a20180606l18771877k l0rusy0189 ca
1010#$arus
102##$aRU
2001#$aДело по прошению бывшего инспектора Евпаторийской прогимназии статского советника Юрковского о сложении с него начета 643 рублей 69 копеек
$j8 июля - 15 ноября 1877 г.
251##$cДело
300##$aДело
801#0$aRU
$bРГИА
$c20180606
$gRCR
801#1$aRU
$bГлавНИВЦ
$c20180606
$2rusmarc
801#2$aRU
$bПБ им. Б.Н. Ельцина
$c20200206
$gRCR
$2rusmarc
850##$aРГИА
852##$aРГИА
$eФедеральное казенное учреждение "Российский государственный исторический архив" (РГИА)
$j251
937##$hРГИА
$d12229934
$aASBIBLIO_SCAN
462#0$10014f623d04-db1c-458f-af33-83b1e1ca26e7
$12001
$aДела разряда средних учебных заведений Департамента народного просвещения за 1873-1882 годы
$1251
$cОпись
$1852
$j164
461#0$1001a74412a3-3cc5-4d21-8f0a-dfe2fbd9e72d
$12001
$aДепартамент народного просвещения Министерства народного просвещения (1803-1917)
$1251
$cФонд
$1852
$j733
215##$a38 л.
$d36,5х26 см
371##$aДокумент не является опубликованным и широко распространяемым
105##$ay###
1222#$ad
035##$a81fcbce2-f134-4794-9e77-42cd3f9d0ad4
856##$uhttp://readingroom.main.prlib.ru/item.aspx?id_node=n138598588&mode=full
Формат отображения